000 01085nam a2200217Ii 4500
003 JO-AjNU
008 230605s9999||||xx |||||||||||||| ||und||
017 _a2012/10/3854
040 _aJO-AjNU
_bara
_erda
_cJO-AjNU
041 _aara
050 1 4 _aHQ799.A6.S53 2012
100 3 _aالطويسي، عادل وآخرون، م.مشارك صفاء الشويحات، م.مشارك عبد الرحيم الحنيطي، م.مشارك غسان اسماعيل عبد الخالق؛ مراجعة وتقديم، تيسير ابو عرجة,
_eauthor
_961054
245 0 0 _aالشباب وعالم جديد
264 3 1 _aعمان: وزارة الثقافه، 2012
300 _a133ص
_b مكتبة الاسرة القراءه للجميع/ عمان: وزارة الثقافة
336 _atext
_btxt
_2rdacontent
337 _aunmediated
_bn
_2rdamedia
338 _avolume
_bnc
_2rdacarrier
490 0 _a مكتبة الاسرة القراءه للجميع/ عمان: وزارة الثقافة
650 4 _aالشباب-البلاد العربية -مقالات ومحاضرات
_961055
999 _aA27573
_c31141
_d31141